| Поле | Название | Значение |
| |
Тип записи |
a |
| |
Библиографический уровень |
m |
| 001 |
Контрольный номер |
ec3b623b79874313bd482b38da8a10ab |
| 005 |
Дата корректировки |
20260302143033.7 |
| 010 |
Индекс ISBN |
__ |
| a |
ISBN |
978-5-98296-164-8 |
| 9 |
Тираж |
1000 экз. |
| d |
Цена |
100-00 |
| 100 |
Данные общей обработки |
__ |
| a |
Данные общей обработки |
20140717d2019 me y0duty028902 ba |
| 101 |
Язык документа |
1_ |
| a |
Язык текста |
dut |
| c |
Язык оригинала |
rus |
| 102 |
Страна публикации |
__ |
| a |
Страна публикации |
RU |
| 105 |
Кодированные данные (монография) |
__ |
| a |
Кодированные данные (монография) |
a z 000yy |
| 181 |
Поле кодированных данных: вид содержания |
_0 |
| a |
Код вида содержания (ISBD) |
i |
| 182 |
Поле кодированных данных: тип средства |
_0 |
| a |
Код типа средства (ISBD) |
n |
| 200 |
Заглавие и сведения об ответственности |
1_ |
| a |
Заглавие |
De Kunst van het Vrije Reizen |
| f |
Первые сведения об ответственности |
Anton Krotov |
| g |
Последующие сведения об ответственности |
vertaald uit het Russisch door Peter Reitsma en David Kwaadgras |
| d |
Параллельное заглавие |
Практика вольных путешествий |
| z |
Язык параллельного заглавия |
rus |
| 203 |
Вид содержания и тип средства |
__ |
| a |
Вид содержания |
Текст |
| c |
Тип средства |
непосредственный |
| 205 |
Сведения об издании |
__ |
| a |
Основные сведения об издании |
10-e druk, herzienen uitgebreid |
| 210 |
Выходные данные |
1_ |
| a |
Место издания |
Moskwa |
| c |
Издательство |
Гео-МТ |
| d |
Дата издания |
2019 |
| 215 |
Физическое описание |
__ |
| a |
Объем |
128 с. |
| c |
Иллюстрации/тип воспроизводства |
ил. |
| d |
Формат |
14 см |
| 300 |
Общие примечания |
__ |
| a |
Общие примечания |
На голландском языке |
| 330 |
Аннотация |
__ |
| a |
Аннотация |
Самая первая книга для автостопщика. Как ездить на попутных машинах, поездах, в локомотивах, автобусах, теплоходах, не затрачивая денег и никого не обманывая, проезжать по 1000 км в сутки - в России и за рубежом. Выбор позиции для автостопа, одежда, жесты автостопщика, поведение в машине, автостоп зимой, летом, на развязках автобанов и на глухих зимниках. Как находить питание и бесплатный ночлег - в городах и сёлах, в общежитиях и монастырях; как готовиться в путь и что брать с собой в дорогу. Как в пути общаться с контролёрами, милиционерами, местными жителями и даже со своими родителями, и как относиться к себе и миру, чтобы такие путешествия доставляли вам радость. |
| 606 |
Тематические рубрики |
1_ |
| a |
Основная рубрика |
Страноведение |
| 2 |
Код системы |
nlr_sh |
| 606 |
Тематические рубрики |
__ |
| 2 |
Код системы |
nlr_sh |
| a |
Основная рубрика |
География |
| 610 |
Ключевые слова |
0_ |
| a |
Ключевые слова |
голландский язык |
| 610 |
Ключевые слова |
0_ |
| a |
Ключевые слова |
изучение голландского языка |
| 610 |
Ключевые слова |
0_ |
| a |
Ключевые слова |
путешествия |
| 610 |
Ключевые слова |
0_ |
| a |
Ключевые слова |
путешествия автостопом |
| 610 |
Ключевые слова |
0_ |
| a |
Ключевые слова |
чтение на голландском |
| 610 |
Ключевые слова |
0_ |
| a |
Ключевые слова |
туризм |
| 686 |
Индексы других классификаций |
__ |
| a |
Классификационный индекс |
26.890 |
| 2 |
Код системы |
rubbks |
| 700 |
Автор |
_1 |
| a |
Фамилия |
Krotov |
| b |
Имя |
A. V. |
| f |
Даты |
1976- |
| g |
Полное личное имя |
Anton Viktorovic |
| 4 |
Код отношения |
070 |
| 702 |
Вторичная интеллектуальная ответственность |
_1 |
| a |
Фамилия |
Рейтсм |
| b |
Имя |
П. |
| g |
Полное личное имя |
Питер |
| 4 |
Код отношения |
730 |
| 702 |
Вторичная интеллектуальная ответственность |
_1 |
| a |
Фамилия |
Кваадграс |
| b |
Имя |
Д. |
| g |
Полное личное имя |
Дэвид |
| 4 |
Код отношения |
730 |
| 790 |
Имя лица - альтернативная форма |
_1 |
| a |
Имя лица - альтернативная форма |
Кротов |
| f |
Даты |
1976- |
| b |
Имя |
А. В. |
| g |
Полное личное имя |
Антон Викторович |
| 4 |
Код отношения |
070 |
| 801 |
Источник записи |
_0 |
| a |
Страна |
RU |
| b |
Организация |
Муниципальное бюджетное учреждение культуры "Централизованная библиотечная система" г. Сургут (Центральная городская библиотека им. А. С. Пушкина) |
| c |
Дата составления |
20260212 |
| g |
Правила каталогизации |
PSBO |
| 801 |
Источник записи |
_1 |
| a |
Страна |
RU |
| b |
Организация |
Муниципальное бюджетное учреждение культуры "Централизованная библиотечная система" г. Сургут (Центральная городская библиотека им. А. С. Пушкина) |
| c |
Дата составления |
20260212 |
| g |
Правила каталогизации |
PSBO |
| 852 |
Данные о местонахождении |
__ |
| i |
Авторский знак |
K 84 |
| j |
Шифр хранения |
26.890 |
| 900 |
Макрообъекты |
__ |
| a |
Макрообъекты |
Практика вольных путешествий. Кротоа А.В. 2019 г. |
| 901 |
Тип документа |
__ |
| a |
Ответственный |
КиК/Котельникова |
| t |
Тип документа |
m |
| 901 |
Тип документа |
__ |
| a |
Ответственный |
2 партия |
| 903 |
Характеристики (МАРС) |
__ |
| a |
Дата передачи |
20260212 |
| c |
Наименование библиотеки (МАРС) |
Муниципальное бюджетное учреждение культуры "Централизованная библиотечная система" г. Сургут (Центральная городская библиотека им. А. С. Пушкина) |
| 990 |
Данные о заказе (DOS) |
__ |
| j |
Количество экземпляров (DOS) |
1 |
| t |
N записи в КСУ для И/У (DOS) |
202602 |